Museo oro del Perú: catálogo
Saved in:
| Format: | Book |
|---|---|
| Language: | Spanish |
| Published: |
Lima
Fundación Miguel Mujica Gallo
1968
|
| Subjects: | |
| Tags: |
Add Tag
No Tags, Be the first to tag this record!
|
MARC
| LEADER | 00000nam a2200000 a 4500 | ||
|---|---|---|---|
| 001 | UCT3885 | ||
| 003 | CL-VaPUC | ||
| 008 | 961031e19680000PE |||||||||||||||||spa|d | ||
| 082 | 0 | 4 | |a 708.985 |b MUS |2 21 |
| 245 | 1 | 0 | |a Museo oro del Perú: catálogo |
| 300 | |a pag. irreg | ||
| 942 | |c BK | ||
| 945 | |d 19961031 00:00:00 |a nastorga | ||
| 260 | |a Lima |b Fundación Miguel Mujica Gallo |c 1968 | ||
| 650 | 7 | |a MUSEOS ARQUEOLOGICOS |2 CL-VaPUC |9 353353 | |
| 650 | 0 | |a Catálogos |9 256258 | |
| 650 | 0 | |a Arqueología |9 265619 | |
| 650 | 0 | |a Historia |9 255047 | |
| 650 | 7 | |a PRECOLOMBINO |2 CL-VaPUC |9 372942 | |
| 650 | 0 | |a Cultura |9 269059 | |
| 650 | 0 | |a Civilizaciones |9 267192 | |
| 650 | 0 | |a Artesanía |9 353181 | |
| 651 | 0 | |a Perú |9 256567 | |
| 583 | |a last modification |c 19961031 00:00:00 |k Rodrigo Vera | ||
| 999 | |c 253389 |d 253387 | ||
| 952 | |0 0 |1 0 |4 0 |6 708_985000000000000_MUS_1968 |7 0 |8 X |9 274212 |a BIBHIS |b BIBHIS |d 2019-11-19 |i 3247147 |o 708.985 MUS 1968 |p 3247147 |r 2024-01-30 |w 2019-11-19 |y BK_X |k HIS | ||